[Event "24th Dubai Open A 2024"]
[Site "Dubai UAE"]
[Date "2024.05.30"]
[Round "6.20"]
[White "Celik, Hasan Huseyin"]
[Black "Sultan, Ibrahim"]
[Result "1-0"]
[WhiteTitle "IM"]
[BlackTitle "IM"]
[WhiteElo "2421"]
[BlackElo "2171"]
[WhiteFideId "44506759"]
[BlackFideId "9301143"]
[EventDate "2024.05.25"]

1. d4 d5 2. c4 e6 3. Nc3 c6 4. e3 Nf6 5. Nf3 Nbd7 6. Qc2 Bd6 7. Bd3 O-O 8. O-O
dxc4 9. Bxc4 e5 10. a4 Qe7 11. Bb3 h6 12. Nh4 Re8 13. Nf5 Qf8 14. Nxd6 Qxd6 15.
dxe5 Nxe5 16. Rd1 Qe7 17. e4 Be6 18. Bxe6 fxe6 19. Bf4 Nf7 20. f3 e5 21. Be3 a6
22. a5 Rad8 23. Qb3 Kh7 24. Na4 Rxd1+ 25. Rxd1 Rd8 26. Rxd8 Nxd8 27. Nc5 Qc7 28.
Qc3 Nf7 29. b4 Ne8 30. Kf2 Ned6 31. g3 Qe7 32. Qb3 Nd8 33. h4 Kh8 34. Bc1 Kh7
35. Bb2 Qf6 36. Kg2 Qe7 37. Qc3 N8f7 38. Qb3 g5 39. hxg5 hxg5 40. Qd3 Kg8 41.
Bc1 Qf6 42. Be3 Qg6 43. g4 Qf6 44. Nxb7 Nxb7 45. Qxa6 Nbd8 46. Qb6 Ne6 47. a6
Nd4 48. Bxd4 exd4 49. a7 Ne5 50. a8=Q+ Kh7 51. Qc7+ Kh6 52. Qxe5 1-0

[Event "24th Dubai Open A 2024"]
[Site "Dubai UAE"]
[Date "2024.05.30"]
[Round "6.21"]
[White "Aliyev, Ravan"]
[Black "Stella, Andrea"]
[Result "1/2-1/2"]
[WhiteTitle "FM"]
[BlackTitle "GM"]
[WhiteElo "2352"]
[BlackElo "2397"]
[WhiteFideId "13409980"]
[BlackFideId "827061"]
[EventDate "2024.05.25"]

1. d4 Nf6 2. c4 e6 3. Nf3 d5 4. Nc3 c6 5. g3 dxc4 6. Bg2 Nbd7 7. a4 Be7 8. O-O
O-O 9. Nd2 e5 10. e3 exd4 11. exd4 Nb6 12. a5 Nbd5 13. Nxc4 Be6 14. Ne5 a6 15.
Qa4 Re8 16. Rd1 h6 17. Bd2 Bd6 18. Nd3 Qc8 19. Re1 Bf5 20. Nc5 Nxc3 21. Bxc3
Rxe1+ 22. Rxe1 Nd5 23. Bd2 Bxc5 24. dxc5 Qd7 25. Bf3 Be6 26. Qd4 Rd8 27. Qe5 Qc7
28. Qe2 Qe7 29. Rc1 Qf6 30. Be1 Qd4 31. Kg2 Re8 32. Qd2 Qf6 33. Qd3 Rd8 34. Qe2
Re8 35. Qd3 Rd8 36. Qe2 Re8 37. Qd3 1/2-1/2

[Event "24th Dubai Open A 2024"]
[Site "Dubai UAE"]
[Date "2024.05.30"]
[Round "6.22"]
[White "Heinemann, Josefine"]
[Black "Manon, Reja Neer"]
[Result "1/2-1/2"]
[WhiteTitle "WGM"]
[BlackTitle "FM"]
[WhiteElo "2303"]
[BlackElo "2423"]
[WhiteFideId "12900460"]
[BlackFideId "10224009"]
[EventDate "2024.05.25"]

1. e4 c6 2. d4 d5 3. Nd2 dxe4 4. Nxe4 Nd7 5. Nf3 Ngf6 6. Nxf6+ Nxf6 7. c3 Bf5 8.
Ne5 e6 9. g4 Bg6 10. h4 Bd6 11. h5 Be4 12. Rg1 Bxe5 13. dxe5 Qxd1+ 14. Kxd1
O-O-O+ 15. Ke1 Nd7 16. f4 Nc5 17. Rg3 Rd7 18. b3 Rhd8 19. Be3 Nd3+ 20. Bxd3 Rxd3
21. Rc1 g6 22. Kf2 b6 23. h6 Kb7 24. Bd4 Rd2+ 25. Ke3 Rd3+ 26. Kf2 Rxg3 27. Kxg3
c5 28. Be3 Rd3 29. Re1 g5 30. c4 a5 31. fxg5 Bg6 32. Kf4 a4 33. Ra1 axb3 34.
axb3 Rxb3 35. Bxc5 Rc3 36. Ra4 b5 37. Bd4 Rxc4 38. Rxc4 bxc4 39. Ke3 Kc6 40. Bb2
Kb5 41. Kd4 Kb4 42. Bc3+ Kb3 43. Ba5 Bd3 44. Be1 Kc2 45. Bb4 Kd1 46. Ke3 Be2 47.
g6 fxg6 48. g5 Bd3 49. Kd4 Ke2 50. Kc3 Ke3 51. Be7 Ke4 52. Bf6 Bf1 53. Bg7 Kf5
54. Bf6 1/2-1/2

[Event "24th Dubai Open A 2024"]
[Site "Dubai UAE"]
[Date "2024.05.30"]
[Round "6.23"]
[White "Injac, Teodora"]
[Black "Ahmad, Khagan"]
[Result "1-0"]
[WhiteTitle "IM"]
[BlackTitle "FM"]
[WhiteElo "2422"]
[BlackElo "2375"]
[WhiteFideId "932400"]
[BlackFideId "13431552"]
[EventDate "2024.05.25"]

1. d4 Nf6 2. c4 e6 3. Nc3 Bb4 4. e3 O-O 5. Bd3 c5 6. Ne2 d5 7. cxd5 cxd4 8. exd4
exd5 9. O-O h6 10. a3 Bxc3 11. Nxc3 Nc6 12. Bc2 Bg4 13. Qd3 Bh5 14. f4 Re8 15.
Be3 Na5 16. Rae1 Ne4 17. Nxe4 dxe4 18. Qb5 Bg4 19. b4 Qc7 20. Qc5 Qxc5 21. dxc5
Nc4 22. f5 Nxa3 23. Ba4 Re5 24. Bf4 Rxf5 25. h3 g5 26. Bc1 Rxf1+ 27. Kxf1 a5 28.
hxg4 axb4 29. Bb3 Re8 30. Rd1 e3 31. Rd7 Re4 32. Ke2 Nc4 33. Rxb7 Rxg4 34. Bxc4
Rxc4 35. Bxe3 f5 36. Kd3 Rc3+ 37. Kd2 Rc4 38. Kd3 Rc3+ 39. Kd4 f4 40. Bd2 Rc2
41. Bxb4 g4 42. Bc3 f3 43. gxf3 gxf3 44. Rb1 Kf7 45. Rf1 f2 46. Kd3 Ra2 47. Bd4 1-0

[Event "24th Dubai Open A 2024"]
[Site "Dubai UAE"]
[Date "2024.05.30"]
[Round "6.24"]
[White "Buksa, Nataliya"]
[Black "Ezat, Mohamed"]
[Result "1/2-1/2"]
[WhiteTitle "IM"]
[BlackTitle "IM"]
[WhiteElo "2383"]
[BlackElo "2340"]
[WhiteFideId "14123622"]
[BlackFideId "10600906"]
[EventDate "2024.05.25"]

1. e4 e5 2. Nf3 Nc6 3. Bb5 Nge7 4. Nc3 Ng6 5. d4 Nxd4 6. Nxd4 exd4 7. Qxd4 c6 8.
Be2 Qb6 9. Qd3 Be7 10. O-O O-O 11. a4 d6 12. a5 Qd8 13. f4 f5 14. a6 fxe4 15.
Nxe4 d5 16. axb7 Bxb7 17. Be3 a5 18. Ng5 Qd6 19. c4 Ba6 20. c5 Bxd3 21. cxd6
Bxg5 22. Bxd3 Nxf4 23. Kh1 Rad8 24. g3 Ne6 25. Bf5 Rxf5 26. Rxf5 Bxe3 27. Re5
Nd4 28. Rf1 h6 29. Rxe3 Rxd6 30. Re8+ Kh7 31. h4 Kg6 32. Kg2 c5 33. Re5 h5 34.
Rg5+ Kh6 35. Rf8 g6 36. Re5 Kg7 37. Ra8 Kf6 38. Re1 Rb6 39. Rxa5 Rxb2+ 40. Kh3
Nf3 41. Rh1 1/2-1/2

[Event "24th Dubai Open A 2024"]
[Site "Dubai UAE"]
[Date "2024.05.30"]
[Round "6.25"]
[White "Ahmad, Al Khatib"]
[Black "Rayes, Abdul Kader"]
[Result "1-0"]
[WhiteTitle "GM"]
[WhiteElo "2380"]
[BlackElo "2067"]
[WhiteFideId "8103178"]
[BlackFideId "7600801"]
[EventDate "2024.05.25"]

1. e4 e6 2. d4 d5 3. exd5 exd5 4. Bf4 Bd6 5. Qd2 Nf6 6. Nc3 O-O 7. O-O-O c6 8.
f3 b5 9. g4 a5 10. Nce2 a4 11. Bxd6 Qxd6 12. Qf4 Qd8 13. Ng3 b4 14. h4 b3 15. a3
bxc2 16. Rd2 Ba6 17. Nh3 Bxf1 18. Rxf1 Nfd7 19. Nf5 Nb6 20. g5 Ra7 21. Re1 Nc4
22. Rxc2 Rb7 23. Rce2 Qb6 24. Nh6+ gxh6 25. gxh6 f6 26. Rg2+ Rg7 27. Rxg7+ Kh8
28. Rg8+ 1-0

[Event "24th Dubai Open A 2024"]
[Site "Dubai UAE"]
[Date "2024.05.30"]
[Round "6.26"]
[White "Khripachenko, Alexander"]
[Black "Balajayeva, Khanim"]
[Result "1-0"]
[WhiteTitle "FM"]
[BlackTitle "IM"]
[WhiteElo "2371"]
[BlackElo "2376"]
[WhiteFideId "54184975"]
[BlackFideId "13406396"]
[EventDate "2024.05.25"]

1. e4 e5 2. Nf3 Nc6 3. Bb5 a6 4. Ba4 Nf6 5. O-O Be7 6. Re1 b5 7. Bb3 O-O 8. h3
Bb7 9. d3 d5 10. exd5 Nxd5 11. Nbd2 Qd7 12. a4 Nf4 13. Ne4 b4 14. Bxf4 exf4 15.
c3 h6 16. d4 Rad8 17. a5 bxc3 18. bxc3 Bd6 19. Qd3 Ne7 20. Bc4 Bxe4 21. Rxe4 Qc6
22. Bxa6 Nd5 23. Bc4 Ra8 24. Bxd5 Qxd5 25. c4 Qf5 26. c5 Be7 27. Rae1 Bf6 28.
Qb5 Qd5 29. Qa4 Qb7 30. Re8 c6 31. Rxf8+ Kxf8 32. Qc2 g6 33. Rb1 Qc7 34. Rb6
Rxa5 35. Qe4 Ra4 36. Kh2 Qd7 37. Qxf4 Kg7 38. Qd6 Qxd6+ 39. cxd6 Ra5 40. Rxc6
Rd5 41. Rc4 g5 42. g4 Rxd6 43. Kg2 Re6 44. Rc3 h5 45. gxh5 Kh6 46. Rc5 Rd6 47.
Kg3 Kxh5 48. h4 Bxd4 49. Rxg5+ Kh6 50. Nh2 Kh7 51. Ng4 Bg7 52. h5 Rd3+ 53. f3
Bf8 54. Nf6+ Kh6 55. Kg4 Bd6 56. Ng8+ Kh7 57. Nf6+ Kh6 58. Ne4 Rd1 59. f4 Bb8
60. Rb5 Rd8 61. Rb6+ Kg7 62. h6+ Kg8 63. Nf6+ Kh8 64. Rb7 Rf8 65. Rd7 Bxf4 66.
Kxf4 Rc8 67. Re7 Rc4+ 68. Re4 Rxe4+ 69. Nxe4 Kh7 70. Kg5 f5 71. Nf6+ Kh8 72. Nh5
Kh7 73. Nf4 Kh8 74. Kxf5 Kh7 75. Kg5 Kh8 76. Kg6 Kg8 77. Nd3 1-0

[Event "24th Dubai Open A 2024"]
[Site "Dubai UAE"]
[Date "2024.05.30"]
[Round "6.27"]
[White "Xie, Kaifan"]
[Black "Krawczyk, Flawian"]
[Result "1-0"]
[WhiteTitle "CM"]
[BlackTitle "CM"]
[WhiteElo "2376"]
[BlackElo "2315"]
[WhiteFideId "8619107"]
[BlackFideId "21881413"]
[EventDate "2024.05.25"]

1. d4 Nf6 2. c4 e6 3. Nf3 b6 4. g3 Ba6 5. Nbd2 c5 6. Bg2 Bb7 7. e4 Nxe4 8. Ne5
Nc3 9. Qh5 g6 10. Qh3 Nd5 11. cxd5 exd5 12. O-O Bg7 13. Nd3 d6 14. Re1+ Kf8 15.
Bf3 Nd7 16. Qg2 Nf6 17. Nf4 g5 18. Nd3 Qd7 19. Nf1 Qf5 20. Rd1 h5 21. Ne3 Qc8
22. Bd2 cxd4 23. Rac1 Qe6 24. Nc2 Ne4 25. Be2 a5 26. Be1 Re8 27. f3 h4 28. gxh4
gxh4 29. Nf4 Qf5 30. Qg4 Qxg4+ 31. fxg4 Bh6 32. Nd3 Ng5 33. Kf1 Ne6 34. Bd2 Bg7
35. Nce1 Nc5 36. Bf4 Re6 37. Bf3 Ba6 38. Kg2 h3+ 39. Kf2 Rf6 40. Kg3 Ne4+ 41.
Bxe4 dxe4 42. Nf2 Re6 43. Nc2 e3 44. Nxh3 Be2 45. Nxd4 Bxd1 46. Nxe6+ fxe6 47.
Bxd6+ Ke8 48. Rxd1 Bxb2 49. Re1 Bd4 50. Bf4 1-0

[Event "24th Dubai Open A 2024"]
[Site "Dubai UAE"]
[Date "2024.05.30"]
[Round "6.28"]
[White "Grivas, Efstratios"]
[Black "Hossain, Enamul"]
[Result "1/2-1/2"]
[WhiteTitle "GM"]
[BlackTitle "GM"]
[WhiteElo "2396"]
[BlackElo "2365"]
[WhiteFideId "4200039"]
[BlackFideId "10200649"]
[EventDate "2024.05.25"]

1. d4 d5 2. c4 e6 3. Nf3 Nf6 4. g3 Be7 5. Bg2 O-O 6. O-O dxc4 7. Qc2 b6 8. Qxc4
Bb7 9. Nc3 Nbd7 10. Rd1 c5 11. Bg5 Nd5 12. Bxe7 Qxe7 13. Rac1 Rfc8 14. Nxd5 Bxd5
15. Qa4 h6 16. Qa3 a5 17. Nd2 Bxg2 18. Kxg2 b5 19. Ne4 b4 20. Qd3 f5 21. Nxc5
Nxc5 22. dxc5 Rxc5 23. Rxc5 Qxc5 24. Qd7 Qe5 25. e3 Kh8 26. Rd4 Kh7 27. h4 Rf8
28. b3 h5 29. Qe7 Qf6 30. Qxf6 gxf6 31. Rd6 Re8 32. Ra6 Kg6 33. Rxa5 Rc8 34. Rb5
Ra8 35. Rxb4 Rxa2 36. Rb8 Rb2 37. b4 e5 38. b5 Kg7 39. b6 Rb1 40. f4 Rb2+ 41.
Kf1 e4 42. b7 Rb3 43. Ke2 Rb6 44. Kd2 Rb2+ 45. Kc3 Rb1 46. Kc4 Rb2 47. Kd5 Rb6
48. Kc5 Rb3 49. Kc6 Rc3+ 50. Kd6 Rb3 51. Ke6 Rb5 52. Rd8 Rxb7 53. Rd7+ Rxd7 54.
Kxd7 Kh7 55. Kd8 Kh8 56. Ke7 Kg7 57. Kd6 Kh6 58. Kc6 Kg7 59. Kc7 Kg8 60. Kd8 Kh8
61. Ke8 Kg8 62. Ke7 Kg7 63. Kd7 Kh7 64. Kc6 Kg6 65. Kc7 Kg7 66. Kc8 Kg8 67. Kd8
Kh8 1/2-1/2

[Event "24th Dubai Open A 2024"]
[Site "Dubai UAE"]
[Date "2024.05.30"]
[Round "6.29"]
[White "Xie, Felix"]
[Black "Poormosavi, Seyed Kian"]
[Result "0-1"]
[WhiteTitle "FM"]
[BlackTitle "IM"]
[WhiteElo "2359"]
[BlackElo "2388"]
[WhiteFideId "4308174"]
[BlackFideId "12585807"]
[EventDate "2024.05.25"]

1. e4 c5 2. Nf3 a6 3. d4 cxd4 4. Be2 e5 5. c3 d3 6. Bxd3 d6 7. O-O Nf6 8. h3 Be7
9. c4 O-O 10. Nc3 Nbd7 11. Be3 b6 12. a3 Bb7 13. b4 Rc8 14. Qb3 Rc7 15. Rfc1 Qa8
16. Nd2 Rfc8 17. Rc2 g6 18. Rac1 Bd8 19. f3 Kg7 20. Bf1 h6 21. Na4 Rc6 22. Nc3
R6c7 23. Be2 Qb8 24. Bd3 Qa8 25. Qb2 Kh7 26. Bf1 Bc6 27. Qb3 Kg7 28. a4 a5 29.
b5 Bb7 30. Nd5 Nxd5 31. cxd5 Rxc2 32. Rxc2 Bg5 33. Bxg5 hxg5 34. Nc4 Qb8 35. Qe3
f6 36. Qc1 Rc5 37. Bd3 Bc8 38. Nd2 Rxc2 39. Qxc2 Nc5 40. Qc4 Bd7 41. Nb3 Nb7 42.
Qc2 Kf7 43. Kf2 Ke7 44. Qc1 Nd8 45. Nd2 Nb7 46. Nb3 Qd8 47. Qc2 Nc5 48. Nxc5
dxc5 49. Bc4 Qh8 50. Kg1 Qh4 51. Qd2 Kd6 52. Qe3 Qg3 53. Bf1 f5 54. Qd3 Qe1 55.
Qe2 Qa1 56. Qc4 fxe4 57. fxe4 g4 58. Kh2 Qd1 59. Be2 Qd4 60. Bf1 gxh3 61. Qe2
hxg2 62. Qxg2 Be8 63. Qe2 Ke7 64. Bg2 Bd7 65. Qe1 g5 66. Qg3 g4 67. Qh4+ Kd6 68.
Qd8 c4 69. Qf8+ Kc7 70. Qa8 c3 71. Qa7+ Kd6 72. Qb8+ Kc5 73. Qf8+ Kc4 74. Qf1+
Kb4 75. Qb1+ Kxa4 76. Qa2+ Kb4 77. Qb1+ Kc5 78. Qb3 Bxb5 79. d6 Bc6 80. Qa3+ Qb4
81. Qc1 Kxd6 82. Qh6+ Kc7 83. Qg7+ Bd7 84. Kg1 Qd4+ 85. Kh2 c2 86. Qg5 Qc3 87.
Qc1 a4 88. Bf1 a3 0-1

[Event "24th Dubai Open A 2024"]
[Site "Dubai UAE"]
[Date "2024.05.30"]
[Round "6.30"]
[White "Laddha, Shubh Jayesh"]
[Black "Mammadova, Gulnar"]
[Result "1/2-1/2"]
[WhiteTitle "FM"]
[BlackTitle "IM"]
[WhiteElo "2324"]
[BlackElo "2359"]
[WhiteFideId "30942799"]
[BlackFideId "13403508"]
[EventDate "2024.05.25"]

1. e4 e5 2. Nf3 Nc6 3. Bb5 a6 4. Ba4 Nf6 5. O-O Be7 6. d3 b5 7. Bb3 d6 8. Bd2
Bg4 9. c3 Na5 10. Bc2 c5 11. h3 Bh5 12. Re1 O-O 13. Bc1 Nc6 14. Nbd2 Re8 15. Nf1
d5 16. Ng3 Bg6 17. Nh4 Bf8 18. Bg5 d4 19. Bb3 Rc8 20. Nxg6 hxg6 21. h4 Qd6 22.
Bxf6 Qxf6 23. h5 Ne7 24. cxd4 cxd4 25. a4 b4 26. a5 Rc5 27. Qg4 Rec8 28. Bc4
R8c7 29. Rec1 R5c6 30. Rf1 g5 31. Ne2 g6 32. g3 gxh5 33. Qxh5 Qg6 34. Qxg6+ Rxg6
35. Rfc1 Rgc6 36. Bxa6 Ra7 37. Bc4 Kg7 38. a6 Rb6 39. Kg2 b3 40. Rh1 Nc8 41. Rh5
Nd6 42. Rxg5+ Kf6 43. Rg8 Nxc4 44. dxc4 Bb4 45. Nc1 Rbxa6 46. Rxa6+ Rxa6 47. Rb8
Bd6 48. Rxb3 Rc6 49. Rf3+ Ke7 50. b3 Rb6 51. Rd3 Ra6 52. Rd2 Bb4 53. Rc2 f6 54.
Kf3 Ra1 55. Ke2 Rb1 56. f4 Ba3 57. Nd3 Rxb3 58. fxe5 fxe5 59. c5 Ke6 60. g4 Kf6
61. c6 Rb8 62. c7 Rc8 63. Rc6+ Ke7 64. Nxe5 Bd6 65. Nf3 Kd7 66. Nxd4 Bxc7 67.
Rh6 Bf4 68. Rh7+ Kd6 69. Nf5+ Ke5 70. Re7+ Kf6 71. Kf3 Bh2 72. Ke3 Bg1+ 73. Kd3
Rd8+ 74. Kc4 Kg5 75. e5 Kxg4 76. Nd6 Bh2 77. Rg7+ Kf3 78. Kd5 Bxe5 79. Kxe5 Ra8
80. Rf7+ Ke3 81. Nc4+ Kd3 82. Kd5 Rd8+ 83. Nd6 Ke3 84. Re7+ Kd3 85. Ra7 Ke3 86.
Ke5 Kd3 87. Ra3+ Ke2 88. Nf5 Re8+ 89. Kf4 Rf8 90. Re3+ Kd2 91. Re5 Kd3 92. Kf3
Rd8 93. Re4 Rf8 94. Rf4 Rf6 95. Rd4+ Kc3 96. Rd5 Kc4 97. Re5 Rf8 98. Ke4 Rh8 99.
Ne3+ Kb4 100. Kd4 Rh4+ 101. Kd3 Rh3 102. Rf5 Rg3 103. Kd4 Rh3 104. Nd5+ Kb3 105.
Nf4 Rh4 106. Kc5 Kc3 107. Nd5+ Kd3 108. Rf3+ Ke2 109. Ra3 Rh8 110. Kd4 Rd8 111.
Ra6 Kf3 112. Rf6+ Ke2 113. Rf7 Rd6 114. Rf8 Rd7 115. Ke4 Ra7 116. Nf4+ Kd2 117.
Rd8+ Kc3 118. Ne2+ Kc4 119. Rc8+ Kb4 120. Nd4 Rh7 121. Nf3 Kb5 122. Ne5 Kb4 123.
Kd5 Rh5 124. Rc1 Kb3 125. Kd4 Rh4+ 126. Ke3 Rh3+ 127. Nf3 Kb4 128. Rb1+ Kc5 129.
Ke4 1/2-1/2

[Event "24th Dubai Open A 2024"]
[Site "Dubai UAE"]
[Date "2024.05.30"]
[Round "6.31"]
[White "Ali, Abdulaziz"]
[Black "Lee, Junhyeok"]
[Result "0-1"]
[BlackTitle "IM"]
[WhiteElo "1995"]
[BlackElo "2381"]
[WhiteFideId "9304347"]
[BlackFideId "13202340"]
[EventDate "2024.05.25"]

1. e4 c5 2. Nf3 d6 3. d4 cxd4 4. Nxd4 Nf6 5. Nc3 a6 6. a3 h6 7. Bc4 e6 8. O-O
Be7 9. Ba2 O-O 10. Be3 Nc6 11. f4 Bd7 12. Kh1 Rc8 13. Nf3 Qc7 14. Qe2 b5 15. Bg1
b4 16. axb4 Nxb4 17. Bb3 Bc6 18. Nd4 Bb7 19. e5 Nfd5 20. Nxd5 Nxd5 21. c3 dxe5
22. fxe5 Bg5 23. Nf3 Nf4 24. Qc2 Bc6 25. Ba4 Bxf3 26. Rxf3 Ng6 27. Rd3 Nxe5 28.
Rd4 Rfd8 29. Rad1 Rxd4 30. Rxd4 Rd8 31. Qe4 Bf6 32. Bc2 g6 33. Qe2 a5 34. Rf4
Bg5 35. Rd4 h5 36. h3 Rxd4 37. Bxd4 Nc6 38. Bc5 Be7 39. Bf2 Ne5 40. Bg3 Bd6 41.
Qb5 Kg7 42. Bb3 Nd3 43. Bh4 Bg3 44. Qxd3 Bxh4 45. Bd1 Bf2 46. Bf3 h4 47. Qd2 Ba7
48. b3 f5 49. c4 e5 50. Bd5 Qc5 51. Qe1 Qd4 52. g3 hxg3 53. Qxg3 Qd1+ 54. Kh2
Qe2+ 55. Kh1 Bf2 56. Qg5 e4 57. h4 Qe1+ 58. Kh2 Bxh4 59. Qg1 Qf2+ 60. Qg2 Bg3+
61. Kh3 Qxg2+ 62. Kxg2 Bd6 63. Kf2 Kf6 64. Bg8 Ke5 65. Ke2 f4 66. Kf2 g5 67. Bf7
g4 68. Bh5 g3+ 69. Kg2 Kd4 0-1

[Event "24th Dubai Open A 2024"]
[Site "Dubai UAE"]
[Date "2024.05.30"]
[Round "6.32"]
[White "Mendes Aaron Reeve"]
[Black "Khalifa Essa, Albalooshi"]
[Result "1-0"]
[WhiteTitle "FM"]
[WhiteElo "2306"]
[BlackElo "2135"]
[WhiteFideId "25954938"]
[BlackFideId "9315853"]
[EventDate "2024.05.25"]

1. Nf3 d5 2. b3 c5 3. e3 Nc6 4. Bb2 a6 5. d4 cxd4 6. exd4 Nf6 7. Be2 Bf5 8. O-O
e6 9. a3 Bd6 10. Nbd2 h6 11. Re1 O-O 12. Bf1 Qc7 13. c4 Ne4 14. g3 Nxd2 15. Nxd2
dxc4 16. bxc4 Rfd8 17. Bg2 e5 18. c5 Be7 19. d5 Bxc5 20. Qf3 Bd4 21. dxc6 Bxb2
22. cxb7 Rab8 23. Ra2 Rxd2 24. Qxf5 Qc4 25. Qb1 Qd4 26. Rf1 Rd8 27. Qe4 Qb6 28.
Qb4 Qxb4 29. axb4 e4 30. Bxe4 Be5 31. Rxd2 Rxd2 32. Rc1 Rd8 33. Rc8 Rf8 34. Kf1
Bd6 35. Bh7+ 1-0

[Event "24th Dubai Open A 2024"]
[Site "Dubai UAE"]
[Date "2024.05.31"]
[Round "7.1"]
[White "Aronyak, Ghosh"]
[Black "Muradli, Mahammad"]
[Result "1/2-1/2"]
[WhiteTitle "IM"]
[BlackTitle "GM"]
[WhiteElo "2528"]
[BlackElo "2560"]
[WhiteFideId "25072846"]
[BlackFideId "13409301"]
[EventDate "2024.05.25"]

1. Nf3 Nf6 2. g3 d5 3. Bg2 e6 4. O-O Be7 5. d3 b6 6. e4 dxe4 7. Nfd2 Bb7 8. Nc3
O-O 9. Re1 Qc8 10. dxe4 Rd8 11. e5 Nfd7 12. Qg4 Bxg2 13. Kxg2 Nc6 14. Nf3 Kh8
15. Kg1 Qb7 16. a3 b5 17. Qh5 Kg8 18. Bg5 h6 19. Bxh6 gxh6 20. Re4 Ncxe5 21.
Nxe5 Nxe5 22. Rxe5 Bf8 23. Rxb5 Qc6 24. Re1 Rab8 25. Re4 Bg7 26. Rc5 Qd6 27. b4
Rd7 28. Qe2 Rbd8 29. Kg2 a5 30. Rec4 axb4 31. axb4 Qb6 32. Qf3 Kh8 33. Rc6 Qb7
34. Ne4 Qa7 35. Nf6 Rd1 36. Nh5 Qa1 37. Kh3 Rg1 38. Qe2 Be5 39. Ra6 Re1 40. Rxa1
Rxe2 41. Ra5 1/2-1/2

[Event "24th Dubai Open A 2024"]
[Site "Dubai UAE"]
[Date "2024.05.31"]
[Round "7.2"]
[White "Sadhwani, Raunak"]
[Black "Erdogmus, Yagiz Kaan"]
[Result "1/2-1/2"]
[WhiteTitle "GM"]
[BlackTitle "IM"]
[WhiteElo "2654"]
[BlackElo "2553"]
[WhiteFideId "35093487"]
[BlackFideId "44599790"]
[EventDate "2024.05.25"]

1. d4 d5 2. c4 dxc4 3. Nf3 a6 4. e3 b5 5. a4 Bb7 6. axb5 axb5 7. Rxa8 Bxa8 8. b3
e6 9. bxc4 bxc4 10. Bxc4 Nf6 11. O-O Be7 12. Bb5+ Nbd7 13. Ne5 O-O 14. Nc6 Bxc6
15. Bxc6 Nb8 16. Bf3 c5 17. dxc5 Qxd1 18. Rxd1 Bxc5 19. Bb2 Nbd7 20. g4 Rb8 21.
Ba1 h6 22. Bxf6 Nxf6 23. Nc3 Be7 24. Ne4 Rd8 25. Rxd8+ Bxd8 26. Nxf6+ Bxf6 27.
Kg2 g5 28. h3 Ba1 29. Ba8 Bb2 30. Bb7 Ba1 31. Ba8 Bb2 32. Bb7 1/2-1/2

[Event "24th Dubai Open A 2024"]
[Site "Dubai UAE"]
[Date "2024.05.31"]
[Round "7.3"]
[White "Ivic, Velimir"]
[Black "Iniyan, Pa"]
[Result "1-0"]
[WhiteTitle "GM"]
[BlackTitle "GM"]
[WhiteElo "2595"]
[BlackElo "2493"]
[WhiteFideId "950122"]
[BlackFideId "25002767"]
[EventDate "2024.05.25"]

1. e4 c5 2. Nf3 d6 3. d4 cxd4 4. Nxd4 Nf6 5. Nc3 a6 6. Bg5 e6 7. f4 Nbd7 8. Qe2
Qc7 9. O-O-O b5 10. a3 Be7 11. g4 h6 12. Bh4 Rb8 13. Bg2 b4 14. axb4 Rxb4 15.
Be1 Qb6 16. Bf2 Qc7 17. h4 h5 18. g5 Ng4 19. Be1 Qc4 20. Nd5 Qxe2 21. Nxe2 Rb8
22. Nxe7 Kxe7 23. Rh3 Bb7 24. Bb4 Nc5 25. Rc3 Rhc8 26. e5 Bxg2 27. exd6+ Kd7 28.
Bxc5 a5 29. Rd2 Bf3 30. Ba3 Rxc3 31. Nxc3 Bc6 32. Rd4 Ne3 33. Na4 Bxa4 34. Rxa4
Ra8 35. Bc5 Nf5 36. b4 Nxd6 37. Bxd6 Kxd6 38. Kd2 Kc6 39. Rxa5 Rd8+ 40. Ke3 Kb6
41. c4 Rd1 42. c5+ Kb7 43. b5 Rb1 44. b6 Kc6 45. Ra7 Kxc5 46. Rxf7 Rxb6 47. Rxg7
Rb3+ 48. Ke4 Kd6 49. Rh7 Rb4+ 50. Ke3 Rb3+ 51. Ke2 Rb2+ 52. Kd3 Rb3+ 53. Kc2 Rf3
54. Rxh5 Rxf4 55. Kd3 Ra4 56. Rh8 Rg4 57. Ke3 Ke5 58. Kf3 Rg1 59. Ra8 Kf5 60.
Rf8+ Ke5 61. Rg8 Kf5 62. Rg7 e5 63. Rf7+ Ke6 64. Rf6+ Kd5 65. Ra6 e4+ 66. Ke3
Re1+ 67. Kf2 Rh1 68. Kg3 e3 69. Ra2 Ke5 70. Re2 Ke4 71. g6 Kd3 72. g7 Kxe2 73.
Kg2 Rxh4 74. g8=Q Rf4 75. Qa2+ Kd1 76. Qd5+ Ke2 77. Kg3 Rf2 78. Qc4+ Kd2 79.
Qd4+ Ke2 80. Qd5 Ke1 81. Qd3 Re2 82. Qd4 Rd2 83. Qxe3+ Kd1 84. Kf3 Kc2 85. Qc5+
Kd3 86. Qb4 Rc2 87. Qe4+ Kc3 88. Ke3 Kb3 89. Qd5+ Kb4 90. Kd3 Rc3+ 91. Kd4 Rc2
92. Qb7+ Ka5 93. Qb3 Rc8 94. Kd5 Rc7 95. Qb8 Rc1 96. Qb2 Rc8 97. Qa3+ Kb6 98.
Qb4+ Kc7 99. Qc5+ Kb7 100. Qb5+ Kc7 101. Kc5 Rf8 102. Qc6+ Kd8 103. Qd6+ Ke8
104. Qe6+ Kd8 105. Kd6 1-0

[Event "24th Dubai Open A 2024"]
[Site "Dubai UAE"]
[Date "2024.05.31"]
[Round "7.4"]
[White "Movahed, Sina"]
[Black "Vakhidov, Jakhongir"]
[Result "1-0"]
[WhiteTitle "IM"]
[BlackTitle "GM"]
[WhiteElo "2463"]
[BlackElo "2599"]
[WhiteFideId "42520835"]
[BlackFideId "14201801"]
[EventDate "2024.05.25"]

1. e4 c5 2. Nf3 d6 3. d4 cxd4 4. Nxd4 Nf6 5. Nc3 a6 6. h3 e5 7. Nb3 Be7 8. g4 h6
9. Be3 Be6 10. Qf3 Nbd7 11. O-O-O Rc8 12. Nd5 Nf8 13. Kb1 Ng6 14. Rg1 Nh7 15. c4
O-O 16. Bb6 Qd7 17. Ba5 Ng5 18. Qe3 Bxd5 19. cxd5 Qa4 20. f3 Nh4 21. Rg3 Nh7 22.
Qb6 Bd8 23. Qb4 Qd7 24. Bxd8 Rfxd8 25. a4 Ng5 26. Be2 Qc7 27. Ka2 Qb8 28. a5 Qc7
29. Rd3 Qd7 30. Nd2 Rc5 31. Rb3 Qc7 32. Nc4 Rb5 33. Qa3 g6 34. Rc3 Qc5 35. Nxe5
Qf2 36. Bxb5 Qxg3 37. Nc6 bxc6 38. dxc6 Ne6 39. Bxa6 Nc7 40. Bb7 Ng2 41. a6 Nf4
42. a7 Ne2 43. Rc4 Qe1 44. Qb4 Qd1 45. Qa5 Nc1+ 46. Rxc1 Qxc1 47. Qxc7 Qc4+ 48.
Ka3 Qc5+ 49. b4 Qxa7+ 50. Qa5 Qe3+ 51. Ka4 Re8 52. c7 Qc3 53. Kb5 Kg7 54. Ka6
Qc4+ 55. b5 Qc5 56. Bc6 Re7 57. Kb7 d5 58. exd5 Qd6 59. b6 f6 60. Ka6 Qf4 61.
Qc5 1-0

[Event "24th Dubai Open A 2024"]
[Site "Dubai UAE"]
[Date "2024.05.31"]
[Round "7.5"]
[White "Dai, Changren"]
[Black "Indjic, Aleksandar"]
[Result "1-0"]
[WhiteTitle "GM"]
[BlackTitle "GM"]
[WhiteElo "2510"]
[BlackElo "2603"]
[WhiteFideId "8608156"]
[BlackFideId "911925"]
[EventDate "2024.05.25"]

1. e4 c5 2. Nf3 e6 3. c3 d5 4. exd5 Qxd5 5. d4 Nf6 6. Na3 a6 7. Nc4 Nbd7 8. Be2
b5 9. Ne3 Qc6 10. a4 Rb8 11. axb5 axb5 12. O-O Be7 13. dxc5 Qxc5 14. Nc2 Nd5 15.
Nfd4 N7f6 16. Ra5 Bd7 17. c4 Qc7 18. Rxb5 Bxb5 19. Nxb5 Rxb5 20. cxb5 Bd6 21. g3
h5 22. Nd4 h4 23. Qd3 hxg3 24. hxg3 Bc5 25. Nc6 Qd6 26. Kg2 Kf8 27. Bg5 Rh5 28.
Qd2 Ne4 29. Qa5 g6 30. Bxh5 Nxg5 31. Be2 Kg7 32. Qd8 Nf4+ 33. gxf4 Qxf4 34. Qd3
Ne4 35. Qf3 1-0